connaissez vous Minecraft le Film - Statistiques

Statistiques générales
  • Ce quiz a été pris 72 fois
  • Le résultat moyen est 6 sur 13
Statistiques - réponses
Hint Réponse % Correct
comment steve appel le monde la surface
81%
nom du vendeur de magasin de jeux video Garette
79%
comment s'appelle le petit cube qui eclaire l'orbe
64%
que dit jack moi...moi c'est Steve
55%
qui ne porte pas d'élytra pendent le vol steve
50%
qui a couper un fil du jetpack un gars
45%
qu'a t il fait pour detruir l'usine un jetpack
45%
Quel est l'objectif principal des héros
dans Minecraft le film ?
sauver le village
43%
Quel biome est principalement
exploré dans Minecraft le film?
la jungle
40%
l'affiche est elle droite nop
38%
y a t il un lama sur l'affiche oui
38%
un perso. principale fabrique ... un lance croquette
36%
y a t il un creeper non
31%
Aucun quiz correspondant
Distribution des résultats
% des personnes avec chaque résultat
Percentile par nombre de réponses
Votre historique - résultats
Vous n’avez pas pris ce quiz